| 000 | 01019nam a2200229Ia 4500 | ||
|---|---|---|---|
| 003 | Ost | ||
| 005 | 20260507075723.0 | ||
| 008 | 260507s9999||||xx |||||||||||||| ||und|| | ||
| 020 | _a8052029957 | ||
| 040 | _cfsecg | ||
| 041 | _aara | ||
| 082 | _a1.4 | ||
| 100 |
_aالشيخلي، عبد القادر _eمؤلف |
||
| 245 | 0 |
_aالبحث العلمي بين الحرية والمؤسسية / _c عبد القادر الشيخلي |
|
| 260 |
_aعمان: _bدار مجدلاوي للنشر, _c2001 |
||
| 300 |
_a96 صفحة؛ _c24 سم |
||
| 504 | _aبيبليوغرافيا الفصل الأول ص.59 بيبليوغرافيا الفصل الثاني ص.87 | ||
| 520 | _aالبحث العلمي بين الواقع والطموح،البحث العلمي المؤسسي،ماهية البحث العلمي المؤسسي،دور البحث العلمي المؤسي العربي في ظل الألفية الثالثة | ||
| 653 | _aطرق البحث | ||
| 653 | _aمناهج البحث | ||
| 942 | _cكتاب | ||
| 999 |
_c45952 _d45952 |
||